[Event "Challenge"]
[Site "http://www.queenalice.com/game.php?id=103864"]
[Date "2006.9.8"]
[Round "-"]
[White "cabalbarreto"]
[Black "Coiote"]
[Result "0-1"]
[WhiteElo "1215"]
[BlackElo "1624"]

1. e4 e5 2. Nf3 Bc5 3. Nxe5 Qe7 4. d4 Bb4+ 5. c3 Bd6 6. Bd3 Nf6 7. Ng4 Nxe4 8.
Be3 Nxf2 9. Nxf2 Qxe3+ 10. Kf1 a5 11. Ng4 Qf4+ 12. Ke1 O-O 13. Rf1 Re8+ 14. Be2
Qe4 15. Nd2 Qxg2 16. Qb3 Qxe2# 0-1

[Event "Challenge"]
[Site "http://www.queenalice.com/game.php?id=104028"]
[Date "2006.9.9"]
[Round "-"]
[White "Coiote"]
[Black "Lukilu"]
[Result "0-1"]
[WhiteElo "1500"]
[BlackElo "1100"]

1. e4 Nf6 2. Nf3 c6 3. Ne5 Qa5 4. f4 Nxe4 5. c3 Qc5 6. d4 Qd6 7. Qh5 Nf6 8.
Qxf7+ Kd8 9. Nd2 Nd5 10. g3 Ne3 11. Bh3 Qh6 0-1

[Event "Challenge"]
[Site "http://www.queenalice.com/game.php?id=104468"]
[Date "2006.9.10"]
[Round "-"]
[White "Coiote"]
[Black "deepbernt"]
[Result "0-1"]
[WhiteElo "1589"]
[BlackElo "1465"]

1. Nc3 e5 2. Nf3 Nc6 3. Nd5 e4 4. e3 exf3 5. Qxf3 Nge7 6. Qe4 d6 7. Bb5 Bf5 8.
Qc4 Bd7 9. a4 Be6 10. e4 a6 11. d3 axb5 12. Qxb5 Nxd5 13. exd5 Bxd5 14. Qxd5 Ra5
15. Qf3 Nd4 16. Qe4+ Re5 17. O-O Rxe4 18. f3 Nxc2 19. Ra2 Re1 20. Rxe1+ Nxe1 21.
d4 Nc2 22. d5 Nb4 23. Ra3 Nxd5 24. g4 Qh4 25. Rb3 b6 26. Rb5 c6 27. Rb3 Qe1+ 28.
Kg2 Qxc1 29. h4 Qc2+ 30. Kg3 Qxb3 31. h5 g6 32. h6 Bxh6 33. Kg2 Qxb2+ 34. Kg3
Bf4+ 35. Kh3 Qh2# 0-1

[Event "Challenge"]
[Site "http://www.queenalice.com/game.php?id=104469"]
[Date "2006.9.10"]
[Round "-"]
[White "Coiote"]
[Black "magnov"]
[Result "1-0"]
[WhiteElo "1500"]
[BlackElo "1310"]

1. Nf3 d5 2. e3 c5 3. Ne5 Nc6 4. Bb5 Bd7 5. Qf3 Nxe5 6. Qxd5 Bxb5 7. Qxe5 f6 8.
Qh5+ g6 9. Qxc5 a6 10. c4 e5 11. Qd5 Qc7 12. Qe6+ Kd8 13. Nc3 Bxc4 14. Qg4 f5
15. Qg5+ Be7 16. Qg3 Nf6 17. h4 f4 18. exf4 Nh5 19. Qg4 exf4 20. b3 Bd3 21. Rh3
Bf5 22. Rd3+ Ke8 23. Qf3 Bxd3 24. Qxd3 Bxh4 25. Qd4 Rd8 26. Qe4+ Kf7 27. Kd1
Bxf2 28. Ba3 Rhe8 29. Qc4+ Qxc4 30. bxc4 Re1+ 31. Kc2 Rxa1 32. Ne2 Rxa2+ 33. Kb3
Raxd2 34. Nc3 Bd4 35. Ne4 Rd3+ 36. Ka4 Nf6 37. Nd6+ Ke7 38. Nxb7+ Bc5 39. Bxc5+
1-0

[Event "Challenge"]
[Site "http://www.queenalice.com/game.php?id=104471"]
[Date "2006.9.10"]
[Round "-"]
[White "luizmortagua"]
[Black "Coiote"]
[Result "1-0"]
[WhiteElo "1699"]
[BlackElo "1706"]

1. c4 Nc6 2. d4 e5 3. d5 Nd4 4. e3 Nf5 5. Qc2 Bb4+ 6. Bd2 c5 7. Bxb4 cxb4 8.
Qxf5 d6 9. Qc2 Qa5 10. b3 Nf6 11. Bd3 Ng4 12. Ne2 Bd7 13. f3 Nxe3 14. Qc1 Nxg2+
15. Kf2 Bh3 16. Kg3 Nf4 17. Nxf4 exf4+ 18. Kxh3 Qd8 19. Re1+ Kf8 20. Qxf4 Qd7+
21. Bf5 Qc7 22. Nd2 g6 23. Qh6+ Kg8 24. Ne4 Qe7 25. Bg4 f5 26. Bxf5 gxf5 27.
Nf6+ Kf7 28. Rxe7+ Kxe7 29. Qg7+ Kd8 30. Qd7# 1-0

[Event "AUTO-INT-165"]
[Site "http://www.queenalice.com/game.php?id=104507"]
[Date "2006.9.10"]
[Round "1"]
[White "ivan_at"]
[Black "Coiote"]
[Result "1-0"]
[WhiteElo "1548"]
[BlackElo "1537"]

1. e4 Nf6 2. e5 Ne4 3. f3 Nc5 4. d4 Ne4 5. fxe4 e6 6. Nf3 Bb4+ 7. Bd2 a5 8. a3
c5 9. axb4 cxb4 10. c3 bxc3 11. Nxc3 Qb6 12. Na4 Qd8 13. Bb5 f6 14. O-O fxe5 15.
Nxe5 Qc7 16. Rc1 Qd8 17. Nf7 Qh4 18. Nxh8 Nc6 19. Bxc6 bxc6 20. Nb6 Rb8 21. Nxc8
Rxc8 22. Qf3 d6 23. Qf7+ Kd8 24. Bxa5+ Rc7 25. Qxc7+ Ke8 26. Qf7# 1-0

[Event "AUTO-INT-165"]
[Site "http://www.queenalice.com/game.php?id=104508"]
[Date "2006.9.10"]
[Round "1"]
[White "Coiote"]
[Black "ivan_at"]
[Result "1-0"]
[WhiteElo "1633"]
[BlackElo "1523"]

1. Nf3 Nf6 2. e3 d5 3. Ne5 g6 4. Bb5+ Bd7 5. Bd3 Bg7 6. Qe2 O-O 7. e4 c5 8. exd5
Nxd5 9. h4 f6 10. Bxg6 fxe5 11. Qh5 Nf4 12. Qxh7# 1-0

[Event "AUTO-INT-165"]
[Site "http://www.queenalice.com/game.php?id=104519"]
[Date "2006.9.10"]
[Round "1"]
[White "joaoreis001"]
[Black "Coiote"]
[Result "1-0"]
[WhiteElo "1659"]
[BlackElo "1513"]

1. Nf3 Nc6 2. c4 e5 3. Nc3 Bc5 4. e4 Nb4 5. Nxe5 Qf6 6. d4 Bd6 7. Ng4 Qh4 8. g3
Qh5 9. e5 Be7 10. c5 f5 11. Nf6+ gxf6 12. Qxh5+ Kf8 13. Qxf5 Nh6 14. Qe4 d5 15.
Qf3 Nc2+ 16. Kd1 Nxa1 17. Bxh6+ Ke8 18. Nxd5 Kd8 19. Bg7 Rg8 20. exf6 Bxf6 21.
Bxf6+ Kd7 22. Bc4 c6 23. Qf5+ Ke8 24. Qxh7 Be6 25. Qe7# 1-0

[Event "AUTO-INT-165"]
[Site "http://www.queenalice.com/game.php?id=104520"]
[Date "2006.9.10"]
[Round "1"]
[White "Coiote"]
[Black "joaoreis001"]
[Result "0-1"]
[WhiteElo "1516"]
[BlackElo "1702"]

1. e4 e5 2. Bc4 Nf6 3. Nf3 Bc5 4. Nxe5 O-O 5. g4 Nxe4 6. d4 Qh4 7. Be3 d6 8.
Bxf7+ Rxf7 9. O-O dxe5 10. dxc5 Nc6 11. Qd5 Qxg4+ 12. Kh1 Be6 13. Rg1 Qf3+ 14.
Rg2 Bxd5 15. Kg1 Qd1# 0-1

[Event "AUTO-INT-165"]
[Site "http://www.queenalice.com/game.php?id=104527"]
[Date "2006.9.10"]
[Round "1"]
[White "Coiote"]
[Black "Marcellus"]
[Result "0-1"]
[WhiteElo "1511"]
[BlackElo "1495"]

1. e4 e5 2. Bc4 Nf6 3. g4 Nxe4 4. Nh3 d5 5. Bb5+ c6 6. Ba4 Qh4 7. d3 Bxg4 8. Bg5
Nxg5 9. Qd2 Nf3+ 10. Ke2 Nxd2+ 11. Kxd2 Bxh3 12. Re1 Qxf2+ 13. Re2 Qf4+ 14. Kc3
Qb4# 0-1

[Event "AUTO-INT-165"]
[Site "http://www.queenalice.com/game.php?id=104528"]
[Date "2006.9.10"]
[Round "1"]
[White "Marcellus"]
[Black "Coiote"]
[Result "1-0"]
[WhiteElo "1687"]
[BlackElo "1508"]

1. d4 d5 2. c4 c6 3. Nc3 dxc4 4. e4 Qd6 5. Bxc4 Qg6 6. Nf3 Qxg2 7. Rg1 Qh3 8.
Bxf7+ Kd8 9. Rg3 Qd7 10. Ng5 Nh6 11. Ne6+ Qxe6 12. Bxe6 Bxe6 13. Bxh6 gxh6 14.
d5 cxd5 15. Qd4 Nc6 16. Qxh8 Ke8 17. exd5 Nb4 18. dxe6 Nc2+ 19. Kf1 Nxa1 20. Rg8
Kd8 21. Nd5 Kc8 22. Rxf8# 1-0

[Event "revanche"]
[Site "http://www.queenalice.com/game.php?id=108848"]
[Date "2006.9.22"]
[Round "-"]
[White "Coiote"]
[Black "cabalbarreto"]
[Result "1-0"]
[WhiteElo "1501"]
[BlackElo "1274"]

1. e4 e5 2. Qf3 d5 3. Be2 d4 4. Bc4 Qf6 5. Qh5 g6 6. Qe2 Bg7 7. Bd5 c6 8. Bb3
Ne7 9. h4 O-O 10. d3 c5 11. c4 Nbc6 12. g4 a6 13. g5 Qd6 14. h5 b5 15. hxg6 Nxg6
16. Qh5 Nb4 17. Qxh7# 1-0

[Event "Bom "]
[Site "http://www.queenalice.com/game.php?id=108897"]
[Date "2006.9.22"]
[Round "-"]
[White "Coiote"]
[Black "magdaandreia"]
[Result "1-0"]
[WhiteElo "1498"]
[BlackElo "1328"]

1. e4 e6 2. e5 Bc5 3. Nf3 h5 4. d4 Bb4+ 5. c3 Ba5 6. b4 Bb6 7. c4 a5 8. c5 Ba7
9. bxa5 Nc6 10. Ng5 Nxa5 11. a4 Nc4 12. Qf3 Nh6 13. Nh3 Nf5 14. Bxc4 Nxd4 15.
Qf4 Nc2+ 16. Kd1 Nxa1 17. Ng5 f6 18. Bd3 Bxc5 19. exf6 gxf6 20. Bg6+ Kf8 21. Nf7
e5 22. Nxe5 d6 23. Nf7 Bg4+ 24. f3 Qe7 25. Nxh8 Be6 26. Qh6+ Kg8 27. Qxh5 Bc4
28. Re1 Qd7 29. Bf5 Qxa4+ 30. Kd2 Be6 31. Bxe6+ Kg7 32. Qg6+ Kxh8 33. Qh6# 1-0

[Event "Challenge"]
[Site "http://www.queenalice.com/game.php?id=108903"]
[Date "2006.9.22"]
[Round "-"]
[White "tiolee2006"]
[Black "Coiote"]
[Result "0-1"]
[WhiteElo "1684"]
[BlackElo "1482"]

1. d4 d5 2. h3 h5 3. Nf3 Nf6 4. Nc3 Nc6 5. Bf4 Bf5 6. a3 Qd7 7. e3 a5 8. Bb5 a4
9. Bxa4 b5 10. Bxb5 Ra5 11. Ne5 Qd6 12. Bxc6+ Qxc6 13. Nxc6 Ra6 14. Ne5 h4 15.
Qf3 Rb6 16. b4 c6 17. O-O e6 18. Na4 Ra6 19. Nc3 Bd6 20. b5 cxb5 21. Nxf7 Kxf7
22. Bxd6 Be4 23. Nxe4 dxe4 24. Qg3 hxg3 25. fxg3 Rxd6 26. Rab1 Rd5 27. Rb4 Rc8
28. a4 bxa4 29. Rxa4 Rxc2 30. g4 Rg5 31. Rf4 Rb5 32. Ra1 Rbb2 33. Kf1 g5 34.
Rxf6+ Kxf6 35. g3 Re2 36. h4 Rxe3 37. h5 Rxg3 38. h6 Rh3 39. Kg1 Rbh2 40. Ra6
Rh1+ 41. Kf2 R1h2+ 42. Ke1 Rb2 43. d5 Rh1# 0-1

[Event "Challenge"]
[Site "http://www.queenalice.com/game.php?id=112201"]
[Date "2006.10.2"]
[Round "-"]
[White "TainanTomaz"]
[Black "Coiote"]
[Result "1-0"]
[WhiteElo "1621"]
[BlackElo "1500"]

1. f4 d5 2. Nf3 Qd6 3. d3 g6 4. Nc3 e6 5. g3 d4 6. Ne4 Qb4+ 7. Ned2 Qa5 8. Nxd4
Bb4 9. Bg2 Qc5 10. O-O Qxd4+ 11. Kh1 1-0

[Event "Challenge"]
[Site "http://www.queenalice.com/game.php?id=113721"]
[Date "2006.10.5"]
[Round "-"]
[White "Dubone"]
[Black "Coiote"]
[Result "1-0"]
[WhiteElo "1589"]
[BlackElo "1499"]

1. c4 Nc6 2. Nf3 Nf6 3. Nc3 e6 4. g3 Qe7 5. Bg2 Qc5 6. d3 Ng4 7. O-O Qh5 8. Nb5
Kd8 9. Bf4 e5 10. Qd2 e4 11. dxe4 g5 12. Bxc7+ Ke8 13. Bd6 Bxd6 14. Qxd6 f5 15.
Nc7+ Kf7 16. Qd5+ Kg7 17. Qxf5 h6 18. Rad1 Nce5 19. h4 d6 20. Ne6+ Bxe6 21. Qxe6
Nxf3+ 22. Bxf3 Rhe8 23. Qxd6 gxh4 24. Qd7+ Kf8 25. Bxg4 Qe5 26. Rd5 Rad8 27.
Qf5+ Qxf5 28. Rxf5+ Kg8 29. e5 Rd4 30. f3 hxg3 31. Kg2 Rd2 32. Kxg3 Rxe2 33. f4
Re3+ 34. Rf3 Re1 35. Kh4 Kg7 36. Rh5 Kg6 37. f5+ Kh7 38. e6 1-0

[Event "Challenge"]
[Site "http://www.queenalice.com/game.php?id=119379"]
[Date "2006.10.21"]
[Round "-"]
[White "Coiote"]
[Black "Gohan"]
[Result "1-0"]
[WhiteElo "1461"]
[BlackElo "1500"]

1. e4 e5 2. Qh5 Nf6 3. Qxe5+ Be7 4. Bb5 O-O 5. d3 d6 6. Qg3 c6 7. Bh6 Bg4 8. h3
Qc8 9. hxg4 Nxg4 10. Bxg7 Kxg7 11. Qh3 cxb5 12. Qxh7+ Kf6 13. Rh5 Ke6 14. Qf5#
1-0

[Event "Pior será"]
[Site "http://www.queenalice.com/game.php?id=119784"]
[Date "2006.10.21"]
[Round "-"]
[White "cabalbarreto"]
[Black "Coiote"]
[Result "1-0"]
[WhiteElo "1325"]
[BlackElo "1489"]

1. e4 Nf6 2. Nc3 e5 3. d4 Nc6 4. Bg5 exd4 5. Nd5 h6 6. Bf4 d6 7. Nf3 Nxe4 8.
Nxd4 Qh4 9. Be3 Nxd4 10. Qxd4 Be7 11. Nxc7+ 1-0

[Event "Challenge"]
[Site "http://www.queenalice.com/game.php?id=122446"]
[Date "2006.10.27"]
[Round "-"]
[White "magdaandreia"]
[Black "Coiote"]
[Result "1-0"]
[WhiteElo "1297"]
[BlackElo "1486"]

1. e3 e5 2. Bc4 e4 3. Qh5 g6 4. Qe5+ Ne7 5. Qf6 d5 6. Qxh8 dxc4 7. Nc3 Bf5 8.
Qxh7 Nbc6 9. Qh4 Nb4 10. Qg3 Nxc2+ 11. Kf1 Qd3+ 12. Nce2 Nxa1 13. Qxc7 Bg4 14.
f3 Nd5 15. Qe5+ Be7 16. Qh8+ Bf8 17. fxg4 Nc2 18. Qe5+ Kd7 19. Nh3 Bd6 20. Qg7
Rf8 21. Nf2 Ndxe3+ 22. dxe3 Qd5 23. Nc3 1-0